Nocturn : andante morat : silenci andante morat :
Descripción Física:
192 p. : il. col. ; 18 cm
Colección:
Textos teatrals clàssics ; 2
Otros Autores:
Batlle, Carles, 1963-
MARC
| LEADER | 00000nam a2200000Ia 4500 | ||
|---|---|---|---|
| 001 | 23743 | ||
| 008 | 160829s2012 xx 000 0 cat d | ||
| 080 | |a Bib-28 | ||
| 100 | |a Gual. Adrià, |d 1872-1943 |9 47732 | ||
| 245 | |a Nocturn : |b andante morat : |b silenci | ||
| 260 | |a Barcelona : |b Diputació de Barcelona. Institut del Teatre, |c 2012 | ||
| 300 | |a 192 p. : |b il. col. ; |c 18 cm | ||
| 490 | |a Textos teatrals clàssics ; 2 | ||
| 590 | |a Bibliografia | ||
| 600 | 1 | 0 | |a Gual. Adrià, |d 1872-1943 |x Crítica i interpretació |9 55253 |
| 700 | |a Batlle, Carles, |d 1963- |9 53570 | ||
| 710 | 1 | |a Institut del Teatre (Barcelona, Catalunya) |9 52662 | |
| 901 | |a Arxiu | ||
| 942 | |n 1 | ||
| 952 | |0 0 |1 0 |4 0 |6 BIB28 |7 1 |9 55829 |a Arxiu |b Arxiu |d 2016-12-01 |l 0 |o Bib-28 |p 23743 |r 2016-12-01 00:00:00 |w 2016-12-01 |y ARXIU | ||
| 999 | |c 59702 |d 59702 | ||